00527nam a2200193Ia 4500003000400000005001700004008004100021020001800062040000700080041000800087082001500095100004400110245006900154260003400223300001600257365001300273650003100286650001600317OSt20230607092540.0210423s2012 xx 000 0 und d a9788172736316 cAL aeng a361.3 PONP aPONNUSWAMI (Ilango);FRANCIS (Abraham P) aProfessional social work: perspectives on practice and extension aNew DelhibAuthor Pressc2012 axxi,137bHB b500cINR aSocial Problems & Services aSocial Work